| 000 | 00554nam a2200193 4500 | ||
|---|---|---|---|
| 001 | 18521 | ||
| 005 | 20230410101858.0 | ||
| 008 | 060907n1989 dr spa | ||
| 020 | _a0932030297 | ||
| 035 | _9funglode18669 | ||
| 041 | _aEN | ||
| 050 | 1 | 4 | _a118 F 1934.5 L951d 1989 |
| 100 | _aLugo, Marta | ||
| 245 | 1 | 4 |
_aThe Dominican Republic guidebook / _cMarta Lugo, Marc Paulsen, Carlos Ginebra C. |
| 260 |
_aSanto Domingo : _b Cargin S.A., _c1989 |
||
| 300 | _a350 p. | ||
| 700 | _aPaulsen, Marc, \ Ginebra C., Carlos. | ||
| 942 |
_2lcc _cbk |
||
| 999 |
_c15364 _d15364 |
||